Statistics for Top 15 Celebrities Born In 2000

Click here to take the quiz!

General Stats

  • This quiz has been taken 91 times
    (69 since last reset)
  • The average score is 3 of 15

Answer Stats

Answer% Correct
Addison Rae
60%
Khaby Lame
55%
Willow Smith
44%
Jace Norman
25%
Benji Krol
18%
Lil Pump
18%
Duke Depp/ willywonkatiktok
15%
Kiera Bridget
11%
Andrew Davila
9%
Lauren Godwin
7%
Mackenzie Foy
7%
Mattie Westbrouck
7%
Willow Shields
7%
Jacob Bertrand
2%
Jackie Evancho
0%

Score Distribution

Percentile by Number Answered

Percent of People with Each Score

Your Score History

You have not taken this quiz since the last reset